| 000 | 00604nam a2200193 a 4500 | ||
|---|---|---|---|
| 005 | 20240411063800.0 | ||
| 008 | 991125s19881995mx 000 0 spa u | ||
| 020 | _a968390145X | ||
| 035 | _aUPN01000031955 | ||
| 049 | _aCG | ||
| 050 | 4 |
_aF1234 _bI57a |
|
| 245 | 0 | 0 |
_aInterpretaciones de la revolución mexicana / _cAdolfo Gilly ... [et al.]. |
| 260 |
_aMéxico : _bNueva Imagen : _bPatria, _c1988 (1995 impr.). |
||
| 300 | _a150 p. | ||
| 651 | 4 |
_aMéxico _xHistoria _yRevolución, 1910-1917 _9223 |
|
| 651 | 4 |
_aMéxico _xHistoria _94558 |
|
| 700 | 1 |
_aGilly, Adolfo, _d1928- _ecoaut. _930989 |
|
| 905 | _aLibro | ||
| 999 |
_c31955 _d31955 |
||